[Event "DVM U10 2015"]
[Site "Magdeburg GER"]
[Date "2015.12.29"]
[Round "7"]
[White "Henry, Eric"]
[Black "Heutling, Elina"]
[Result "0-1"]
[Termination "normal"]
[Board "1.4"]
[WhiteElo "1374"]
[BlackElo "1232"]
[WhiteTeam "Hamburger SK von 1830 1"]
[BlackTeam "Schachzwerge Magdeburg 1"]
[PlyCount "84"]
[WhiteFideId "16210140"]
[BlackFideId "16244729"]
[EventCountry "GER"]
[EventRounds "7"]
[EventType "team-swiss"]
[EventDate "2015.12.27"]

1. e4 c5 2. Nc3 d6 3. Bc4 Nf6 4. d3 e6 5. Nf3 Be7 6. O-O O-O 7. Re1 Nc6 8. Be3
Bd7 9. d4 cxd4 10. Nxd4 Rc8 11. Nxc6 Rxc6 12. Bb5 Rc8 13. Bxd7 Qxd7 14. Bxa7
Qc6 15. Qd3 Ra8 16. Be3 Rfc8 17. Bg5 Rab8 18. Rac1 h6 19. Bh4 b5 20. b4 Qxc3
21. Qxc3 Rxc3 22. e5 dxe5 23. Rxe5 Nd7 24. Re4 Bxh4 25. Rxh4 Rbc8 26. Rd4 Nf6
27. Rd2 Nd5 28. Kf1 Nxb4 29. a3 Nxc2 30. Rcd1 Nxa3 31. Rd3 Rxd3 32. Rxd3 Nc4
33. Rc3 Nd2+ 34. Ke2 Rxc3 35. Kxd2 Rc6 36. f4 b4 37. Ke2 b3 38. Kf3 b2 39. Kg3
b1=Q 40. h3 Qd3+ 41. Kh2 Rc2 42. h4 Qf3 0-1

[Event "DVM U10 2015"]
[Site "Magdeburg GER"]
[Date "2015.12.29"]
[Round "7"]
[White "Hetzner, Hannes"]
[Black "Duduka, Artem"]
[Result "1/2-1/2"]
[Termination "normal"]
[Board "2.1"]
[WhiteElo "1319"]
[BlackElo "1113"]
[WhiteClock "00:01:38"]
[BlackClock "00:27:34"]
[WhiteTeam "SC Erlangen 48/88"]
[BlackTeam "Sfr.Nord-Ost Berlin 1"]
[PlyCount "141"]
[WhiteFideId "16211936"]
[BlackFideId "14194805"]
[EventCountry "GER"]
[EventRounds "7"]
[EventType "team-swiss"]
[EventDate "2015.12.27"]

1. e4 {[%clk 1:00:00]} e5 {[%clk 0:59:56]} 2. f4 {[%clk 0:59:56]} d6 {[%clk
0:59:52]} 3. Nf3 {[%clk 0:59:49]} Nc6 {[%clk 0:59:44]} 4. Bb5 {[%clk 0:59:33]}
Bg4 {[%clk 0:59:33]} 5. O-O {[%clk 0:59:08]} a6 {[%clk 0:59:16]} 6. Ba4 {[%clk
0:58:53]} Nf6 {[%clk 0:58:54]} 7. Nc3 {[%clk 0:58:12]} Be7 {[%clk 0:58:21]} 8.
h3 {[%clk 0:57:28]} Bxf3 {[%clk 0:58:13]} 9. Qxf3 {[%clk 0:56:49]} b5 {[%clk
0:58:04]} 10. Bb3 {[%clk 0:55:36]} Nd4 {[%clk 0:57:46]} 11. Qe3 {[%clk
0:54:22]} c5 {[%clk 0:57:18]} 12. Nd5 {[%clk 0:48:29]} c4 {[%clk 0:56:51]} 13.
Nxf6+ {[%clk 0:47:55]} Bxf6 {[%clk 0:56:44]} 14. c3 {[%clk 0:47:30]} Nxb3
{[%clk 0:55:43]} 15. axb3 {[%clk 0:47:13]} cxb3 {[%clk 0:55:37]} 16. d4 {[%clk
0:45:38]} exf4 {[%clk 0:55:32]} 17. Qxf4 {[%clk 0:44:37]} O-O {[%clk 0:55:12]}
18. Qg3 {[%clk 0:44:08]} Kh8 {[%clk 0:54:48]} 19. Bf4 {[%clk 0:43:23]} d5
{[%clk 0:54:03]} 20. e5 {[%clk 0:40:05]} Be7 {[%clk 0:53:44]} 21. Rf3 {[%clk
0:38:48]} Bh4 {[%clk 0:52:32]} 22. Qg4 {[%clk 0:37:55]} a5 {[%clk 0:51:24]} 23.
Bg3 {[%clk 0:36:05]} Bxg3 {[%clk 0:51:15]} 24. Rxg3 {[%clk 0:36:00]} g6 {[%clk
0:50:55]} 25. h4 {[%clk 0:34:36]} Rg8 {[%clk 0:49:29]} 26. Rf1 {[%clk 0:33:32]}
Rg7 {[%clk 0:48:56]} 27. h5 {[%clk 0:33:12]} Qe7 {[%clk 0:48:05]} 28. h6 {[%clk
0:32:12]} Rgg8 {[%clk 0:47:55]} 29. Rgf3 {[%clk 0:31:16]} Rgf8 {[%clk 0:47:22]}
30. Rf6 {[%clk 0:29:17]} Ra7 {[%clk 0:46:11]} 31. Qf3 {[%clk 0:28:32]} Rd7
{[%clk 0:44:42]} 32. Qe2 {[%clk 0:26:51]} Rb7 {[%clk 0:44:18]} 33. Rd6 {[%clk
0:25:56]} Rd8 {[%clk 0:43:46]} 34. Rxf7 {[%clk 0:24:32]} Qxd6 {[%clk 0:43:01]}
35. Rxh7+ {[%clk 0:23:38]} Kxh7 {[%clk 0:42:41]} 36. exd6 {[%clk 0:23:24]} Kxh6
{[%clk 0:42:28]} 37. Qe3+ {[%clk 0:21:31]} Kh7 {[%clk 0:41:23]} 38. Qe5 {[%clk
0:20:36]} Rbd7 {[%clk 0:40:29]} 39. Qxd5 {[%clk 0:20:06]} Rxd6 {[%clk 0:40:24]}
40. Qxb5 {[%clk 0:19:18]} Re6 {[%clk 0:38:57]} 41. Qxb3 {[%clk 0:18:25]} Re1+
{[%clk 0:38:37]} 42. Kf2 {[%clk 0:17:29]} Rde8 {[%clk 0:38:24]} 43. Qf7+ {[%clk
0:17:02]} Kh6 {[%clk 0:38:16]} 44. Qf4+ {[%clk 0:16:30]} g5 {[%clk 0:37:54]}
45. Qf6+ {[%clk 0:15:45]} Kh5 {[%clk 0:37:37]} 46. Kg3 {[%clk 0:14:07]} R8e3+
{[%clk 0:36:42]} 47. Kh2 {[%clk 0:13:28]} g4 {[%clk 0:36:06]} 48. Qf5+ {[%clk
0:12:57]} Kh4 {[%clk 0:35:33]} 49. g3+ {[%clk 0:11:37]} Rxg3 {[%clk 0:35:20]}
50. Qh7+ {[%clk 0:11:29]} Kg5 {[%clk 0:35:10]} 51. Kxg3 {[%clk 0:11:16]} Re3+
{[%clk 0:35:03]} 52. Kf2 {[%clk 0:10:44]} Rf3+ {[%clk 0:34:52]} 53. Kg2 {[%clk
0:10:17]} Kf4 {[%clk 0:34:31]} 54. Qf7+ {[%clk 0:09:29]} Ke4 {[%clk 0:34:23]}
55. Qxf3+ {[%clk 0:08:52]} gxf3+ {[%clk 0:34:18]} 56. Kf2 {[%clk 0:08:41]} a4
{[%clk 0:33:55]} 57. Ke1 {[%clk 0:07:53]} Kd5 {[%clk 0:33:25]} 58. Kf1 {[%clk
0:06:46]} Kc4 {[%clk 0:32:14]} 59. Kf2 {[%clk 0:06:31]} Kb3 {[%clk 0:31:46]}
60. d5 {[%clk 0:06:23]} Kxb2 {[%clk 0:31:41]} 61. d6 {[%clk 0:06:10]} a3 {[%clk
0:31:29]} 62. d7 {[%clk 0:06:04]} a2 {[%clk 0:31:21]} 63. d8=Q {[%clk 0:05:51]}
a1=Q {[%clk 0:30:55]} 64. Qd2+ {[%clk 0:05:23]} Kb3 {[%clk 0:30:31]} 65. Qd5+
{[%clk 0:04:11]} Kc2 {[%clk 0:30:01]} 66. c4 {[%clk 0:03:44]} Qc3 {[%clk
0:28:42]} 67. Qe4+ {[%clk 0:02:34]} Kb3 {[%clk 0:28:15]} 68. c5 {[%clk
0:01:45]} Qxc5+ {[%clk 0:27:53]} 69. Kxf3 {[%clk 0:01:44]} Qc3+ {[%clk
0:27:34]} 70. Qe3 {[%clk 0:01:38]} Qxe3+ 71. Kxe3 1/2-1/2

[Event "DVM U10 2015"]
[Site "Magdeburg GER"]
[Date "2015.12.29"]
[Round "7"]
[White "Gutewort, Paul Emil"]
[Black "Högner, Tom"]
[Result "0-1"]
[Termination "normal"]
[Board "2.2"]
[WhiteElo "1122"]
[BlackElo "1258"]
[WhiteClock "00:46:29"]
[BlackClock "00:32:36"]
[WhiteTeam "Sfr.Nord-Ost Berlin 1"]
[BlackTeam "SC Erlangen 48/88"]
[PlyCount "78"]
[WhiteFideId "16204182"]
[BlackFideId "12995436"]
[EventCountry "GER"]
[EventRounds "7"]
[EventType "team-swiss"]
[EventDate "2015.12.27"]

1. d4 {[%clk 0:59:58]} d5 {[%clk 0:59:53]} 2. c4 {[%clk 0:59:52]} e6 {[%clk
0:59:39]} 3. Nc3 {[%clk 0:59:42]} Nf6 {[%clk 0:59:28]} 4. Bg5 {[%clk 0:59:25]}
Be7 {[%clk 0:59:09]} 5. e3 {[%clk 0:58:45]} h6 {[%clk 0:58:52]} 6. Bh4 {[%clk
0:58:18]} Nc6 {[%clk 0:58:25]} 7. Nf3 {[%clk 0:58:00]} Bb4 {[%clk 0:58:04]} 8.
Bd3 {[%clk 0:57:24]} O-O {[%clk 0:57:25]} 9. O-O {[%clk 0:57:19]} Re8 {[%clk
0:53:48]} 10. Ne2 {[%clk 0:57:08]} e5 {[%clk 0:53:32]} 11. cxd5 {[%clk
0:56:07]} Qxd5 {[%clk 0:50:04]} 12. Bxf6 {[%clk 0:55:56]} e4 {[%clk 0:49:51]}
13. Bxe4 {[%clk 0:55:44]} Qxe4 {[%clk 0:49:24]} 14. Ng3 {[%clk 0:55:26]} Qd5
{[%clk 0:47:22]} 15. e4 {[%clk 0:54:56]} Rxe4 {[%clk 0:44:31]} 16. Nxe4 {[%clk
0:54:44]} Qxe4 {[%clk 0:44:27]} 17. Be5 {[%clk 0:54:27]} Bg4 {[%clk 0:43:44]}
18. Nd2 {[%clk 0:53:56]} Qxe5 {[%clk 0:43:01]} 19. dxe5 {[%clk 0:53:45]} Bxd1
{[%clk 0:42:55]} 20. Raxd1 {[%clk 0:53:35]} Nxe5 {[%clk 0:42:45]} 21. Rfe1
{[%clk 0:52:41]} Nd3 {[%clk 0:42:37]} 22. Re4 {[%clk 0:51:55]} Nxb2 {[%clk
0:42:27]} 23. Rb1 {[%clk 0:51:32]} Bxd2 {[%clk 0:42:17]} 24. Rxb2 Ba5 {[%clk
0:40:27]} 25. Rxb7 {[%clk 0:50:56]} Bb6 {[%clk 0:40:19]} 26. g3 {[%clk
0:50:39]} Rd8 {[%clk 0:38:53]} 27. Re5 {[%clk 0:50:12]} Rd2 {[%clk 0:36:32]}
28. a4 {[%clk 0:50:03]} Rxf2 {[%clk 0:36:25]} 29. Kh1 {[%clk 0:49:49]} Ra2
{[%clk 0:35:52]} 30. a5 {[%clk 0:49:42]} Rxa5 {[%clk 0:35:08]} 31. Rxa5 {[%clk
0:49:35]} Bxa5 {[%clk 0:35:03]} 32. Rxa7 {[%clk 0:49:29]} Bb6 {[%clk 0:35:00]}
33. Ra8+ {[%clk 0:48:52]} Kh7 {[%clk 0:34:55]} 34. Kg2 {[%clk 0:48:38]} c5
{[%clk 0:34:38]} 35. Kf3 {[%clk 0:47:43]} Kg6 {[%clk 0:34:28]} 36. Kg4 {[%clk
0:46:58]} h5+ {[%clk 0:34:05]} 37. Kh4 {[%clk 0:46:50]} f6 {[%clk 0:33:10]} 38.
Rh8 {[%clk 0:46:36]} f5 {[%clk 0:32:41]} 39. Rxh5 {[%clk 0:46:29]} Bd8+ {[%clk
0:32:36]} 0-1

[Event "DVM U10 2015"]
[Site "Magdeburg GER"]
[Date "2015.12.29"]
[Round "7"]
[White "Wu, Wilfried"]
[Black "Beck, Felix"]
[Result "1/2-1/2"]
[Termination "normal"]
[Board "2.3"]
[WhiteElo "1011"]
[BlackElo "1010"]
[WhiteClock "00:37:56"]
[BlackClock "00:22:05"]
[WhiteTeam "SC Erlangen 48/88"]
[BlackTeam "Sfr.Nord-Ost Berlin 1"]
[PlyCount "52"]
[WhiteFideId "16260775"]
[BlackFideId "16255364"]
[EventCountry "GER"]
[EventRounds "7"]
[EventType "team-swiss"]
[EventDate "2015.12.27"]

1. e4 {[%clk 0:59:58]} e5 {[%clk 0:59:50]} 2. Nf3 {[%clk 0:59:48]} Nc6 {[%clk
0:59:45]} 3. Nc3 {[%clk 0:59:37]} Be7 {[%clk 0:59:16]} 4. Bc4 {[%clk 0:59:27]}
Nf6 {[%clk 0:59:04]} 5. d3 {[%clk 0:59:05]} d6 {[%clk 0:58:54]} 6. h3 {[%clk
0:58:42]} Be6 {[%clk 0:58:26]} 7. Bb3 {[%clk 0:58:16]} Qd7 {[%clk 0:57:13]} 8.
Bg5 {[%clk 0:57:24]} h6 {[%clk 0:56:40]} 9. Bxf6 {[%clk 0:57:06]} Bxf6 {[%clk
0:56:14]} 10. Bxe6 {[%clk 0:56:39]} fxe6 {[%clk 0:55:41]} 11. Qe2 {[%clk
0:56:08]} O-O {[%clk 0:54:10]} 12. Rd1 {[%clk 0:54:53]} d5 {[%clk 0:51:00]} 13.
exd5 {[%clk 0:54:23]} exd5 {[%clk 0:50:39]} 14. Rd2 {[%clk 0:53:19]} Rfe8
{[%clk 0:48:50]} 15. O-O {[%clk 0:51:31]} Rad8 {[%clk 0:46:56]} 16. Re1 {[%clk
0:50:50]} Qf5 {[%clk 0:42:34]} 17. b3 {[%clk 0:49:21]} e4 {[%clk 0:36:58]} 18.
dxe4 {[%clk 0:45:55]} Bxc3 {[%clk 0:36:18]} 19. exf5 {[%clk 0:43:26]} Rxe2
{[%clk 0:36:01]} 20. Rexe2 {[%clk 0:42:34]} Bxd2 {[%clk 0:35:26]} 21. Rxd2
{[%clk 0:42:26]} Ne7 {[%clk 0:31:52]} 22. g4 {[%clk 0:41:45]} Kf7 {[%clk
0:30:25]} 23. Kg2 {[%clk 0:40:50]} Kf6 {[%clk 0:28:53]} 24. Kg3 {[%clk
0:39:59]} g5 {[%clk 0:26:08]} 25. a4 {[%clk 0:38:29]} Nc6 {[%clk 0:23:58]} 26.
c4 {[%clk 0:37:56]} d4 {[%clk 0:22:05]} 1/2-1/2

[Event "DVM U10 2015"]
[Site "Magdeburg GER"]
[Date "2015.12.29"]
[Round "7"]
[White "Reichmann, Felix"]
[Black "Strobel, Luis"]
[Result "1-0"]
[Termination "normal"]
[Board "2.4"]
[WhiteElo "1093"]
[BlackElo "875"]
[WhiteClock "00:52:34"]
[BlackClock "00:52:04"]
[WhiteTeam "Sfr.Nord-Ost Berlin 1"]
[BlackTeam "SC Erlangen 48/88"]
[PlyCount "59"]
[WhiteFideId "16238290"]
[EventCountry "GER"]
[EventRounds "7"]
[EventType "team-swiss"]
[EventDate "2015.12.27"]

1. c4 {[%clk 0:59:59]} e5 {[%clk 0:59:55]} 2. g3 {[%clk 0:59:58]} Nf6 {[%clk
0:59:43]} 3. Bg2 {[%clk 0:59:56]} Nc6 {[%clk 0:59:32]} 4. Nc3 {[%clk 0:59:54]}
Bb4 {[%clk 0:59:16]} 5. Qc2 {[%clk 0:59:50]} O-O {[%clk 0:59:05]} 6. Nf3 {[%clk
0:59:47]} d6 {[%clk 0:58:44]} 7. O-O {[%clk 0:59:41]} Bg4 {[%clk 0:58:03]} 8.
d3 {[%clk 0:59:31]} Nd4 {[%clk 0:57:52]} 9. Nxd4 {[%clk 0:59:09]} exd4 {[%clk
0:57:43]} 10. Nd5 {[%clk 0:58:25]} c6 {[%clk 0:57:17]} 11. Nxf6+ {[%clk
0:57:50]} Qxf6 {[%clk 0:57:06]} 12. Qb3 {[%clk 0:57:36]} a5 {[%clk 0:56:53]}
13. a3 {[%clk 0:57:32]} Bxe2 {[%clk 0:56:26]} 14. axb4 {[%clk 0:57:04]} Bxf1
{[%clk 0:56:17]} 15. Kxf1 {[%clk 0:56:51]} axb4 {[%clk 0:56:09]} 16. Rxa8
{[%clk 0:56:28]} Rxa8 {[%clk 0:55:59]} 17. Qxb4 {[%clk 0:56:23]} Rb8 {[%clk
0:55:39]} 18. Bxc6 {[%clk 0:56:13]} d5 {[%clk 0:55:18]} 19. Bxd5 {[%clk
0:55:47]} Qf5 {[%clk 0:54:58]} 20. Be4 {[%clk 0:55:30]} Qh3+ {[%clk 0:54:31]}
21. Kg1 {[%clk 0:55:15]} g6 {[%clk 0:54:12]} 22. Bf4 {[%clk 0:55:10]} Ra8
{[%clk 0:53:51]} 23. Qe1 {[%clk 0:54:42]} Re8 {[%clk 0:53:33]} 24. Qa5 {[%clk
0:54:06]} Re7 {[%clk 0:53:13]} 25. Qd8+ {[%clk 0:53:52]} Re8 {[%clk 0:52:50]}
26. Qxe8+ {[%clk 0:53:44]} Kg7 {[%clk 0:52:40]} 27. Be5+ {[%clk 0:53:16]} f6
{[%clk 0:52:26]} 28. Qe7+ {[%clk 0:53:05]} Kh6 {[%clk 0:52:15]} 29. Bf4+ {[%clk
0:52:46]} g5 {[%clk 0:52:04]} 30. Qxh7# {[%clk 0:52:34]} 1-0

[Event "DVM U10 2015"]
[Site "Magdeburg GER"]
[Date "2015.12.29"]
[Round "7"]
[White "Reuter, Elisa"]
[Black "Hommer, Jeremy"]
[Result "0-1"]
[Termination "normal"]
[Board "3.1"]
[WhiteElo "1547"]
[BlackElo "1679"]
[WhiteTeam "SV Empor Erfurt 1"]
[BlackTeam "SC Turm Lüneburg"]
[PlyCount "155"]
[WhiteFideId "12995444"]
[BlackFideId "12992577"]
[EventCountry "GER"]
[EventRounds "7"]
[EventType "team-swiss"]
[EventDate "2015.12.27"]

1. e4 c6 2. d4 d5 3. exd5 cxd5 4. c4 Nf6 5. Nc3 e6 6. Bg5 Be7 7. Nf3 O-O 8. a3
Nc6 9. c5 Re8 10. Be2 h6 11. Bf4 Bf8 12. Nb5 Nh5 13. Be3 a6 14. Nc3 Nf6 15. Bf4
Bd7 16. O-O Rc8 17. Na4 Na7 18. Nb6 Rc6 19. Ne5 Rxb6 20. cxb6 Qxb6 21. Qd2 Bb5
22. Bxb5 Nxb5 23. Be3 Rc8 24. Rac1 Ne4 25. Qd3 Rxc1 26. Rxc1 Ned6 27. Rc2 Qa5
28. Qd2 Qb6 29. a4 Ne4 30. Qd3 Na7 31. f3 Nf6 32. b3 Bd6 33. Rc1 Ba3 34. Rc2
Bd6 35. Rb2 a5 36. Rc2 Kf8 37. Bd2 Bxe5 38. Be3 Bd6 39. Bf2 Ke7 40. Rc1 Kd7 41.
Rc2 Nc6 42. Rc1 Qa6 43. Qd2 b5 44. Qe2 Qb6 45. axb5 Na7 46. Ra1 Qxb5 47. Qxb5+
Nxb5 48. Rxa5 Kc6 49. Kf1 Kb6 50. Ra1 Nd7 51. g3 Nb8 52. Ke2 Nc6 53. Kd3 Bb4
54. Kc2 Bc3 55. Ra4 Nb4+ 56. Kd1 Nc6 57. h3 Bxd4 58. Ke1 Bxf2+ 59. Kxf2 Na5 60.
b4 Nc6 61. g4 Nba7 62. Ke3 Kb5 63. Ra1 Nc8 64. Rc1 N8e7 65. Rb1 Nxb4 66. f4 Kc5
67. Kd2 Nec6 68. Rc1+ Kd6 69. Rb1 e5 70. fxe5+ Kxe5 71. Re1+ Kd6 72. h4 d4 73.
Rf1 f6 74. Re1 Ne5 75. Rg1 Nf3+ 76. Ke2 Nxg1+ 77. Kf1 Nh3 78. Kg2 0-1

[Event "DVM U10 2015"]
[Site "Magdeburg GER"]
[Date "2015.12.29"]
[Round "7"]
[White "Wusterack, Paul"]
[Black "Kazuch, Vincent"]
[Result "1/2-1/2"]
[Termination "normal"]
[Board "3.2"]
[WhiteElo "990"]
[BlackElo "1696"]
[WhiteTeam "SC Turm Lüneburg"]
[BlackTeam "SV Empor Erfurt 1"]
[PlyCount "38"]
[WhiteFideId "16255356"]
[BlackFideId "12971480"]
[EventCountry "GER"]
[EventRounds "7"]
[EventType "team-swiss"]
[EventDate "2015.12.27"]

1. e4 e6 2. d4 d5 3. exd5 exd5 4. Nf3 Bd6 5. Nc3 Nf6 6. Bg5 Be6 7. Be2 c6 8.
O-O Nbd7 9. a3 Qc7 10. Re1 h6 11. Be3 O-O-O 12. g3 g5 13. Ne5 Nxe5 14. dxe5
Bxe5 15. Bd4 Ne4 16. Nxe4 dxe4 17. Bxe5 Qxe5 18. Qc1 f5 19. Bd3 Qf6 1/2-1/2

[Event "DVM U10 2015"]
[Site "Magdeburg GER"]
[Date "2015.12.29"]
[Round "7"]
[White "Bildat, Emilia"]
[Black "Rajchel, Arian"]
[Result "0-1"]
[Termination "normal"]
[Board "3.4"]
[WhiteElo "981"]
[BlackElo "1025"]
[WhiteTeam "SC Turm Lüneburg"]
[BlackTeam "SV Empor Erfurt 1"]
[PlyCount "80"]
[WhiteFideId "16218140"]
[EventCountry "GER"]
[EventRounds "7"]
[EventType "team-swiss"]
[EventDate "2015.12.27"]

1. d4 d5 2. Nf3 Nf6 3. Bf4 Nc6 4. e3 Bf5 5. Nbd2 e6 6. Be2 Bd6 7. Ne5 O-O 8. g4
Bg6 9. h4 Bxe5 10. dxe5 Be4 (10... Ne4) 11. Nxe4 dxe4 12. exf6 Qxf6 13. c3 e5
14. Bg3 Qg6 15. O-O f5 16. f3 fxg4 17. fxg4 h5 18. Kh2 hxg4 19. Bxg4 Rad8 20.
Qe2 Rd3 21. Rad1 Rf6 22. Rxf6 gxf6 23. Kh3 f5 24. Rxd3 fxg4+ 25. Qxg4 Qxg4+ 26.
Kxg4 exd3 27. Be1 Kh7 28. Kg5 Kg7 29. h5 Ne7 30. b4 Nd5 31. h6+ Kf7 32. Bd2 Nf6
33. e4 Nxe4+ 34. Kg4 Nxd2 35. Kg3 Ne4+ 36. Kf3 Nxc3 37. Ke3 Nxa2 38. Kxd3 Nxb4+
39. Ke4 Kg6 40. Kxe5 Kxh6 0-1

[Event "DVM U10 2015"]
[Site "Magdeburg GER"]
[Date "2015.12.29"]
[Round "7"]
[White "Costa, Leonardo"]
[Black "Lutz, Ruben"]
[Result "0-1"]
[Termination "normal"]
[Board "4.1"]
[WhiteElo "1584"]
[BlackElo "1693"]
[WhiteTeam "SK München Südost"]
[BlackTeam "USV TU Dresden 1"]
[PlyCount "100"]
[WhiteFideId "16213955"]
[BlackFideId "12975974"]
[EventCountry "GER"]
[EventRounds "7"]
[EventType "team-swiss"]
[EventDate "2015.12.27"]

1. e4 e6 2. Nf3 d5 3. exd5 exd5 4. d4 Bd6 5. Nc3 c6 6. Bg5 Qb6 7. Rb1 Bf5 8.
Bd3 Bxd3 9. Qxd3 Ne7 10. O-O O-O 11. Rfe1 a6 12. h4 Ng6 13. h5 Nf4 14. Bxf4
Bxf4 15. Na4 Qc7 16. Ne5 Nd7 17. Qf3 Bxe5 18. dxe5 Rac8 19. Re3 Nxe5 20. Qg3 f6
21. Nc5 b6 22. Nd3 Qf7 23. Nxe5 fxe5 24. Rbe1 e4 25. f3 exf3 26. Rxf3 Qxh5 27.
Rxf8+ Rxf8 28. Re6 c5 29. Re5 Qf7 30. Kh2 d4 31. Re2 Qf4 32. Qxf4 Rxf4 33. Kg3
Rf7 34. Rf2 Rxf2 35. Kxf2 Kf7 36. Kf3 Ke6 37. Kf4 g6 38. c3 d3 39. Ke3 c4 40.
b3 b5 41. g3 h5 42. Kf2 Kf5 43. Ke3 Kg4 44. Kd2 Kxg3 45. bxc4 bxc4 46. Ke3 h4
47. Kd2 h3 48. Ke3 h2 49. Kd4 h1=Q 50. Ke5 Qh4 0-1

[Event "DVM U10 2015"]
[Site "Magdeburg GER"]
[Date "2015.12.29"]
[Round "7"]
[White "Lutz, Adam"]
[Black "Klonov, Jakov"]
[Result "1-0"]
[Termination "normal"]
[Board "4.2"]
[WhiteElo "1423"]
[BlackElo "1133"]
[WhiteTeam "USV TU Dresden 1"]
[BlackTeam "SK München Südost"]
[PlyCount "51"]
[WhiteFideId "16226615"]
[BlackFideId "16211928"]
[EventCountry "GER"]
[EventRounds "7"]
[EventType "team-swiss"]
[EventDate "2015.12.27"]

1. e4 c5 2. Nf3 Nc6 3. d4 cxd4 4. Nxd4 g6 5. Nc3 Bg7 6. Be3 Nf6 7. Bc4 Qa5 8.
f3 Qb4 9. Nxc6 bxc6 10. Bb3 d6 11. Qd2 h6 12. O-O-O a6 13. e5 Nd7 14. exd6 Bxc3
15. Qxc3 Qxc3 16. bxc3 a5 17. dxe7 Kxe7 18. Rhe1 Kf8 19. Rd6 a4 20. Bc4 c5 21.
Bb5 Ke7 22. Bxc5+ Kf8 23. Rxd7+ Kg8 24. Re8+ Kg7 25. Bd4+ Kh7 26. Rxh8# 1-0

[Event "DVM U10 2015"]
[Site "Magdeburg GER"]
[Date "2015.12.29"]
[Round "7"]
[White "Glok, David"]
[Black "Nguyen, Phuong Thao Vivien"]
[Result "0-1"]
[Termination "normal"]
[Board "4.3"]
[WhiteElo "996"]
[BlackElo "1333"]
[WhiteTeam "SK München Südost"]
[BlackTeam "USV TU Dresden 1"]
[PlyCount "48"]
[WhiteFideId "16226224"]
[BlackFideId "16210735"]
[EventCountry "GER"]
[EventRounds "7"]
[EventType "team-swiss"]
[EventDate "2015.12.27"]

1. e4 c5 2. Nf3 d6 3. Bb5+ Bd7 4. Bxd7+ Qxd7 5. Nc3 Nf6 6. d3 g6 7. d4 cxd4 8.
Qxd4 Bg7 9. Ng5 O-O 10. O-O Nc6 11. Qc4 Rac8 12. Qe2 a6 13. Rd1 Qc7 14. Bf4 b5
15. e5 Nxe5 16. Bxe5 dxe5 17. Rd2 Rfd8 18. Rad1 h6 19. Nd5 Nxd5 20. Rxd5 hxg5
21. Rxd8+ Rxd8 22. Re1 Qd6 23. Rd1 Qxd1+ 24. Qxd1 Rxd1# 0-1

[Event "DVM U10 2015"]
[Site "Magdeburg GER"]
[Date "2015.12.29"]
[Round "7"]
[White "Günther, Fabian"]
[Black "Huber, Jakob"]
[Result "1-0"]
[Termination "normal"]
[Board "4.4"]
[WhiteElo "1124"]
[BlackElo "851"]
[WhiteTeam "USV TU Dresden 1"]
[BlackTeam "SK München Südost"]
[PlyCount "93"]
[WhiteFideId "16240294"]
[BlackFideId "16226070"]
[EventCountry "GER"]
[EventRounds "7"]
[EventType "team-swiss"]
[EventDate "2015.12.27"]

1. d4 e6 2. c4 b6 3. e4 Bb7 4. Nc3 Bb4 5. Bd3 Nf6 6. d5 e5 7. a3 Bxc3+ 8. bxc3
d6 9. Nf3 Nbd7 10. O-O O-O 11. Be3 Nc5 12. Bxc5 bxc5 13. Qb3 Rb8 14. Rab1 Qc8
15. Qc2 Ba6 16. Qa4 Bb7 17. Rb5 a6 18. Rbb1 Ra8 19. Qb3 Rb8 20. Qc2 Re8 21. Rb3
a5 22. a4 Ba6 23. Rfb1 Rxb3 24. Rxb3 c6 25. Rb6 Bb7 26. Qb2 Re7 27. Nd2 cxd5
28. cxd5 Kf8 29. Ba6 Bxa6 30. Rb8 Re8 31. Rxc8 Rxc8 32. Qb6 Bd3 33. Qxd6+ Kg8
34. Qxe5 Re8 35. Qc7 Nxe4 36. Nxe4 Bxe4 37. Qxc5 Bxd5 38. h3 h6 39. Qxd5 Rc8
40. Qxa5 Rf8 41. c4 Rc8 42. c5 Rf8 43. c6 Rc8 44. c7 Rf8 45. Qb6 Rc8 46. Qb8
Rxb8 47. cxb8=Q+ 1-0

[Event "DVM U10 2015"]
[Site "Magdeburg GER"]
[Date "2015.12.29"]
[Round "7"]
[White "Prieb, Robert"]
[Black "Junghans, Richard"]
[Result "1-0"]
[Termination "normal"]
[Board "5.1"]
[WhiteElo "1494"]
[BlackElo "1188"]
[WhiteTeam "SchachAkademiePaderborn 1"]
[BlackTeam "BSG Grün-Weiß Leipzig 1"]
[PlyCount "113"]
[WhiteFideId "16212002"]
[BlackFideId "16214544"]
[EventCountry "GER"]
[EventRounds "7"]
[EventType "team-swiss"]
[EventDate "2015.12.27"]

1. d4 d5 2. c4 dxc4 3. Nf3 Bf5 4. e3 Nf6 5. Bxc4 e6 6. O-O Nbd7 7. Nc3 Bd6 8.
Re1 e5 9. Nb5 O-O 10. Nxd6 cxd6 11. Qb3 Bg6 12. Qxb7 Be4 13. Qa6 Qc7 14. Be2
Rab8 15. Nd2 Rb6 16. Qa3 Bg6 17. Nc4 Rc6 18. b3 e4 19. Bd2 d5 20. Ba5 Qb8 21.
Qa4 Rcc8 22. Na3 Bf5 23. Qb4 Nb6 24. Nb5 Nbd7 25. Nd6 Qxb4 26. Bxb4 Rb8 27. Ba3
Bg6 28. Nb5 Rfd8 29. Nxa7 Ra8 30. Nb5 Rdb8 31. Bd6 Rb6 32. Bg3 Ra5 33. a4 Rb7
34. Rec1 h6 35. Rc8+ Kh7 36. Bc7 Ra6 37. Nd6 Rxc7 38. Bxa6 Rxc8 39. Nxc8 Bh5
40. b4 g5 41. Kf1 Bg6 42. b5 Nb8 43. Bb7 h5 44. a5 h4 45. a6 Ng4 46. h3 Nh2+
47. Kg1 Nf3+ 48. gxf3 exf3 49. a7 f5 50. a8=Q Nd7 51. Bc6 Nf6 52. Qb7+ Kh6 53.
Ra7 g4 54. Qg7+ Kg5 55. Nd6 gxh3 56. Rf7 Kg4 57. Qxg6# 1-0

[Event "DVM U10 2015"]
[Site "Magdeburg GER"]
[Date "2015.12.29"]
[Round "7"]
[White "Lindner, Ben"]
[Black "Bornemann, Malte"]
[Result "1-0"]
[Termination "normal"]
[Board "5.2"]
[WhiteElo "1133"]
[BlackElo "1211"]
[WhiteTeam "BSG Grün-Weiß Leipzig 1"]
[BlackTeam "SchachAkademiePaderborn 1"]
[PlyCount "48"]
[WhiteFideId "16214552"]
[BlackFideId "16284470"]
[EventCountry "GER"]
[EventRounds "7"]
[EventType "team-swiss"]
[EventDate "2015.12.27"]

1. e4 e6 2. d4 d5 3. exd5 exd5 4. Nf3 Bd6 5. Bd3 Ne7 6. Be3 Nbc6 7. Nbd2 Bg4 8.
c3 Qd7 9. Qb3 Na5 10. Qc2 Nf5 11. h3 Nxe3 12. fxe3 Bh5 13. g4 Bg6 14. Bxg6 hxg6
15. O-O-O O-O-O 16. Rde1 Qc6 17. Ng5 Rhf8 18. e4 dxe4 19. Ndxe4 Bf4+ 20. Kd1
Bxg5 21. Nxg5 Qd5 22. Ne4 Qxa2 23. Qh2 Qb1+ 24. Kd2 Rde8 {Rest nicht
nachvollziehbar} 1-0